000 00312nam a22001337a 4500
008 170825b xxu||||| |||| 00| 0 eng d
020 _a9780071490733
041 _aeng
080 _a070
100 _a39
101 _aMED
245 _aPERFECT PHRASES FOR BUILDING STRONG TEAMS
_cDIAMOND,L.E
942 _2udc
_cBK
999 _c24985
_d24985